Perspectives economiques regionales, avril 2008 : Afrique subsaharienne.

Les perspectives restent prometteuses pour la region, mais l'evolution de la situation mondiale presente des risques accrus. La croissance en Afrique subsaharienne devrait a nouveau s'etablir aux alentours de 6,5 % en 2008, avec les pays exportateurs de petrole en tete de peloton ; dans le...

Ամբողջական նկարագրություն

Մատենագիտական մանրամասներ
Համատեղ հեղինակ: International Monetary Fund. African Dept
Ձևաչափ: Ամսագիր
Լեզու:English
Հրապարակվել է: Washington, D.C. : International Monetary Fund, 2008.
Շարք:Regional Economic Outlook
Առցանց հասանելիություն:Full text available on IMF
LEADER 01878cas a2200253 a 4500
001 AALejournalIMF015766
008 230101c9999 xx r poo 0 0eng d
020 |c 20.00 USD 
020 |z 9781589067127 
022 |a 2071-4106 
040 |a BD-DhAAL  |c BD-DhAAL 
110 2 |a International Monetary Fund.  |b African Dept. 
240 1 0 |a Perspectives economiques regionales, avril 2008: Afrique subsaharienne.  |l French 
245 1 0 |a Perspectives economiques regionales, avril 2008 :   |b Afrique subsaharienne. 
264 1 |a Washington, D.C. :  |b International Monetary Fund,  |c 2008. 
300 |a 1 online resource (157 pages) 
490 1 |a Regional Economic Outlook 
500 |a <strong>Off-Campus Access:</strong> No User ID or Password Required 
500 |a <strong>On-Campus Access:</strong> No User ID or Password Required 
506 |a Electronic access restricted to authorized BRAC University faculty, staff and students 
520 3 |a Les perspectives restent prometteuses pour la region, mais l'evolution de la situation mondiale presente des risques accrus. La croissance en Afrique subsaharienne devrait a nouveau s'etablir aux alentours de 6,5 % en 2008, avec les pays exportateurs de petrole en tete de peloton ; dans les pays importateurs, la croissance devrait par contre se tasser moderement. Les prix des denrees alimentaires et de l'energie augmentant encore, l'inflation devrait s'etablir en moyenne a environ 8,5 % cette annee dans les pays de la region, a l'exception du Zimbabwe. La tendance des risques que pour 2008 est plutot negative, mais la region est aujourd'hui mieux placee pour resister a une degradation de la situation mondiale. 
538 |a Mode of access: Internet 
830 0 |a Regional Economic Outlook 
856 4 0 |z Full text available on IMF  |u http://elibrary.imf.org/view/books/086/09006-9781589067127-fr/09006-9781589067127-fr-book.xml  |z IMF e-Library